02303nam a22002657a 4500003000800000008004100008037002000049039004100069040003500110080001300145100003600158245012400194260009000318300001800408500013200426520094200558650006901500655003101569700003601600710008601636942001301722999001701735952014801752952013701900BI-BuBU150917s2013 bd ||||dr|||| 000 0 fre d bDon de l'auteur a2015091701491.0bAnesie Nizigiyimana aBI-BuBUbfrecBI-BuBUdBI-BuBU a796.332.1 4autaNsabimana, Joachim911851510aFootball et intégration sociale des Batwa en Commune Rumongecpar Nsabimana Joachim ; M. Nahimana Salvator, directeur aBujumburabUniversité du Burundi, Institut d'Education Physique et des Sportsc2013 a66 f.c30 cm. aMémoire présenté et défendu publiquement en vue de l'obtention du grade de Licencié en Education Physique et Sportive aRésumé La communauté twa est à la marge de la société burundaise. Les Batwa ont été pris pour des parias. Sur le plan sacial, les Batwa n'ont jamais coopéré pleinement avec les autres populations dans les différentes cérémonies et diverses activités qui rassemblent. Toutefois, le football, ce sport dit « roi » par sa popularité, inverse la tendance. A Rumonge, où nous avons mené notre enquête, le football aide les Batwa à se sentir moins méprisés par les autres burundais. Les Batwa qui pratiquent le football sont tous intégrés que ceux qui ne le pratiquent pas. Ils dialoguent facilement et partagent sans problèmes le verre et le chalumeau lors du rafraîchissement. Les Batwa qui fréquentent les terrains de football disent eux-mêmes qu'ils sont très satisfaits des rapports qu'ils entretiennent avec les membres des autres composantes sociales du peuple burundais. 72BI-BuBUaFootballvIntégration socialezBatwa (Peuple)9118516 72BI-BuBUaMémoire91185171 4diraNahimana, Salvator91185181 4autaUniversité du BurundibInstitut d'Education Physique et des Sports9118519 2udccMEM c32376d32376 00102udc4071946930aBKIRIRI bBKIRIRI d2015-09-17eDon de l'auteurl0o796.332.NSA.JOA.2013p5010000130480r2015-09-17t1w2015-09-17yMEM 00102udc4071949974bBCd2016-04-25eDon de l' auteurl0o796.332.NSA.JOA.2013p5010000203542r2016-04-25t1w2016-04-25yMEMaBC